000 01034cab a2200313 4500
001 ABS46906
008 090401t1992 xxu||||| |||| 00| 0 eng d
035 _a(Sirsi) u60090
041 _aeng
100 _aBowman, A.
245 _aVital steps to becoming greener
260 _c1992
350 _a0
490 _aVoluntary Housing
_vAugust 1992, 9-11(3)
520 _aCompares the response to global warming of social housing developers in the UK with Australia and Europe. Urges housing associations to incorporate green design in its homes to reduce energy emissions.
650 _aDESIGN
650 _aGREEN ISSUES
650 _aHOUSE BUILDING
650 _aHOUSING ASSOCIATIONS
650 _aHOUSING CORPORATION
650 _aNATIONAL FEDERATION OF HOUSING ASSOCIATIONS
650 _aSOCIAL HOUSING
690 _aBUILT ENVIRONMENT-CONSTRUCTION DESIGN
690 _aBUILDING AND CONSTRUCTION-ENERGY CONSERVATION
690 _aEnvironment
_96238
690 _aHOUSING
942 _n0
948 _c04/03/1997
999 _c37010
_d37010